| 000 | 00642nam a2200181 i 4500 | ||
|---|---|---|---|
| 001 | 52456 | ||
| 003 | ES-MaACL | ||
| 007 | t| | ||
| 008 | 030829s1953 sp ||||1| spa d | ||
| 100 | 1 |
_aDavenport, Herbert Joseph. _942861 |
|
| 245 | 1 | 3 |
_aLa economía de la empresa / _cHerbert Joseph Davenport ; traducción del inglés por Agustín Caballero ; introducción de Manuel de Torres. |
| 260 |
_aMadrid : _bAguilar, _c[1953] ( _fMarto) |
||
| 300 |
_aXXIII, 449 p. ; _c22 cm. |
||
| 700 | 0 |
_aCaballero Robredo, Agustín _933117 |
|
| 700 | 1 |
_aTorres, Manuel de. _9110904 |
|
| 852 |
_aES-MaACL _jC-5857 _bR.35329 |
||
| 999 |
_c52456 _d52456 |
||